| 000 | 00684nam a22002295i 4500 | ||
|---|---|---|---|
| 001 | 12679 | ||
| 003 | ES-MaACL | ||
| 005 | 20250825045637.0 | ||
| 007 | t| | ||
| 008 | 910709s1989 sp ||||0| spa j | ||
| 020 | _a84-86879-11-6 | ||
| 040 |
_aM-BN _bspa _cM-BN |
||
| 080 | _a001.94 | ||
| 100 | 1 |
_aFaber-Kaiser, Andreas. _948509 |
|
| 245 | 1 | 3 |
_aEl muñeco humano _b: nos fabricaron para utilizarnos / _cAndreas Faber-Kaiser. |
| 260 |
_aMadrid : _bKaydeda, _cD.L. 1989. |
||
| 300 |
_a413 p : _bil ; _c24 cm. |
||
| 650 | 7 |
_aOvnis _2embne _915781 |
|
| 650 | 1 | 7 |
_aVida en otros planetas _2embne _917792 |
| 852 |
_aES-MaACL _jL-20022 _bR.117326 |
||
| 999 |
_c12679 _d12679 |
||